[Event "Naleczow op"]
[Site "Naleczow"]
[Date "1989.??.??"]
[Round "?"]
[White "Jezierski, Piotr"]
[Black "Szymczak, Zbigniew"]
[Result "1/2-1/2"]
[WhiteElo "2320"]
[BlackElo "2400"]
[PlyCount "91"]
[EventDate "1989.??.??"]
[EventType "swiss"]
[EventRounds "11"]
[EventCountry "POL"]
[SourceTitle "EXT 1997"]
[Source "ChessBase"]
[SourceDate "1996.11.15"]
[SourceVersion "1"]
[SourceVersionDate "1996.11.15"]
[SourceQuality "1"]

1. e4 c5 2. Nf3 d6 3. d4 Nf6 4. Bb5+ Bd7 5. Bxd7+ Qxd7 6. Qe2 cxd4 7. Nxd4 Nc6 8. Nxc6 Qxc6 9. Nc3 e6 10. 0-0 Be7 11. Rd1 0-0 12. Bf4 Rfd8 13. Rd3 b5 14. a3 a5 15. Re1 b4 16. Nb1 d5 17. exd5 Nxd5 18. Be5 Rac8 19. axb4 axb4 20. c3 f6 21. Bg3 e5 22. f3 Bc5+ 23. Kh1 bxc3 24. Nxc3 Bd4 25. Red1 Nc7 26. f4 exf4 27. Bxf4 Ne6 28. Bg3 Bxc3 29. Rxc3 Rxd1+ 30. Qxd1 Qa6 31. Rxc8+ Qxc8 32. h3 Qc6 33. Qd6 Qxd6 34. Bxd6 Kf7 35. Kg1 Nd4 36. Kf2 Ke6 37. Bc5 Nb5 38. Ke3 Ke5 39. Kd3 Kd5 40. Bf8 g6 41. Be7 f5 42. Ke3 h5 43. Kd3 Nd4 44. Bg5 Ne6 45. Be3 f4 46. Bf2 1/2-1/2

[Event "Naleczow op"]
[Site "Naleczow"]
[Date "1989.??.??"]
[Round "?"]
[White "Kolasinski, Marek"]
[Black "Jezierski, Piotr"]
[Result "1/2-1/2"]
[WhiteElo "2305"]
[BlackElo "2320"]
[PlyCount "35"]
[EventDate "1989.??.??"]
[EventType "swiss"]
[EventRounds "11"]
[EventCountry "POL"]
[SourceTitle "EXT 1997"]
[Source "ChessBase"]
[SourceDate "1996.11.15"]
[SourceVersion "1"]
[SourceVersionDate "1996.11.15"]
[SourceQuality "1"]

1. g3 e5 2. Bg2 Nf6 3. e4 Bc5 4. Nc3 0-0 5. d3 d6 6. h3 Be6 7. Nf3 Nc6 8. 0-0 h6 9. Kh2 Re8 10. Na4 Bb6 11. Nxb6 axb6 12. b3 d5 13. exd5 Bxd5 14. Bb2 Qd6 15. Re1 Nd4 16. a4 c5 17. c4 Bc6 18. Bxd4 1/2-1/2